| 000 | 01139nam0a22002771 4500 | ||
|---|---|---|---|
| 001 | rc\4404 | ||
| 005 | 20021204101705.5 | ||
| 010 |
_a5-88527-083-Х _950000 |
||
| 035 | _a(NLR Aleph) 005294577 | ||
| 090 |
_a6225464 _c6225464 |
||
| 100 | _a20021204d1996 u |0rusy50 ca | ||
| 101 | 0 | _arus | |
| 102 | _aRU | ||
| 105 | _aa ||||||||| | ||
| 200 | 1 |
_aБиология: общие закономерности _eУчеб. для 10-11 кл. общеобразоват. учеб. заведений _fВ.Б. Захаров, С.Г. Мамонтов, В.И. Сивоглазов _gПод ред. В.Б. Захарова, Л.П. Анастасовой |
|
| 210 |
_aМ. _cШкола-пресс _d1996 |
||
| 215 |
_a617, [6] с. _cил. _d22 |
||
| 320 | _aБиблиогр.: с. 617 (10 назв.) | ||
| 700 | 1 |
_aЗахаров _bВ. Б. _gВладимир Борисович |
|
| 701 | 1 |
_aМамонтов _bС. Г. _gСергей Григорьевич |
|
| 701 | 1 |
_aСивоглазов _bВ. И. _gВладислав Иванович |
|
| 801 | 0 |
_aRU _bNLR _gpsbo |
|
| 801 | 1 |
_aRU _bELAR _2rusmarc |
|
| 852 |
_aNLR _j96-5/2195 |
||
| 942 | _cBOOK | ||
| 980 | _aNB | ||